The international encyclopedia of science and technology

Spremljeno u:
Bibliografski detalji
Format: Knjiga
Jezik:Undetermined
Izdano: New York Oxford Univ. Press 1998
Teme:
Oznake: Dodaj oznaku
Bez oznaka, Budi prvi tko označuje ovaj zapis!
Thư viện lưu trữ: Trung tâm Học liệu Trường Đại học Cần Thơ
LEADER 00497nam a2200181Ia 4500
001 CTU_54795
008 210402s9999 xx 000 0 und d
020 |b 1005500 
082 |a 603 
082 |b I.61 
245 4 |a The international encyclopedia of science and technology 
245 0 |c Edited by Steven Luck 
260 |a New York 
260 |b Oxford Univ. Press 
260 |c 1998 
650 |a technology 
650 |x dictionaries 
980 |a Trung tâm Học liệu Trường Đại học Cần Thơ